书目信息 |
| 题名: |
数字电子技术
|
|
| 作者: | 刘江海 主编 | |
| 分册: | ||
| 出版信息: | 武汉 华中科技大学出版社 2008.09 |
|
| 页数: | 379页 | |
| 开本: | 26cm | |
| 丛书名: | 21世纪信息学科立体化系列教材 | |
| 单 册: | ||
| 中图分类: | TN79 | |
| 科图分类: | ||
| 主题词: | 数字电路--shu zi dian lu--电子技术--高等学校--教材 | |
| 电子资源: | ||
| ISBN: | 978-7-5609-4866-9 | |
| 000 | 01049nam 2200265 450 | |
| 001 | 012009314896 | |
| 005 | 20090621144921.73 | |
| 010 | @a978-7-5609-4866-9@dCNY38.00 | |
| 100 | @a20090621d2008 em y0chiy0120 ea | |
| 101 | 0 | @achi |
| 102 | @aCN@b420000 | |
| 105 | @aa a 000yy | |
| 106 | @ar | |
| 200 | 1 | @a数字电子技术@Ashu zi dian zi ji shu@f刘江海主编@Fliu jiang hai zhu bian |
| 210 | @a武汉@c华中科技大学出版社@d2008.09 | |
| 215 | @a379页@c图@d26cm | |
| 225 | 2 | @a21世纪信息学科立体化系列教材@A21 shi ji xin xi xue ke li ti hua xi lie jiao cai@i电子信息类 |
| 320 | @a有书目 | |
| 330 | @a本书以数字电子技术为基础,系统分析为桥梁,系统综合为目的,全面介绍数字电路的基本理论、分析方法、综合方法和实际应用,系统介绍了现代电子技术Protel 99SE和超高速集成电路硬件描述语言VHDL。 | |
| 410 | 0 | @12001 @a21世纪信息学科立体化系列教材@i电子信息类 |
| 606 | 0 | @a数字电路@Ashu zi dian lu@x电子技术@x高等学校@j教材 |
| 690 | @aTN79@v4 | |
| 701 | 0 | @a刘江海@Aliu jiang hai@4主编 |
| 801 | 0 | @aCN@bQSSK@c20090621 |
| 905 | @b744862-64@dTN79@eL632@f3 | |
| 数字电子技术/刘江海主编.-武汉:华中科技大学出版社,2008.09 |
| 379页:图;26cm.-(21世纪信息学科立体化系列教材.电子信息类) |
| ISBN 978-7-5609-4866-9:CNY38.00 |
| 本书以数字电子技术为基础,系统分析为桥梁,系统综合为目的,全面介绍数字电路的基本理论、分析方法、综合方法和实际应用,系统介绍了现代电子技术Protel 99SE和超高速集成电路硬件描述语言VHDL。 |
| ● |
| 相关链接 |
|
|
|
正题名:数字电子技术
索取号:TN79/L632
 
预约/预借
| 序号 | 登录号 | 条形码 | 馆藏地/架位号 | 状态 | 备注 |
| 1 | 744862 | 207448626 | 自科二线504/504自科库 8排3列3层/ [索取号:TN79/L632] | 在馆 | |
| 2 | 744863 | 207448635 | 自科二线504/504自科库 8排3列3层/ [索取号:TN79/L632] | 在馆 | |
| 3 | 744864 | 207448644 | 自科二线504/504自科库 8排3列3层/ [索取号:TN79/L632] | 在馆 |